LEADER 01308nam a2200289 a 4500 001 000000144190 003 CaOOAMICUS 005 20150619124432.0 008 150619s1996 it u000 u ita r 020 $z8801000154* 040 $aPUL$bita 100 1 $aLippi, Adolfo.$0(OLS)http://pul/name/35265 245 10$aElezione e passione :$bsaggio di teologia in ascolto dell'ebraismo /$cAdolfo Lippi. 260 $aLeumann (Torino) :$bElle Di Ci,$c1996. 300 $a151 p. ;$c21 cm 490 1 $aReligione e religioni ;$v18 504 $aBibliografia in nota. 650 4$aCristianesimo e altre religioni$xEbraismo.$0(OLS)http://pul/subject/36936 830 0$aReligione e religioni ;$v18.$0(OLS)http://pul/title/131124 850 $aPUL 852 $aPUL$W1$xDP1 Fondo Bordoni$y120$m3 B 78$j166064$qFondi$B172794$CPULBib$Z2$F172794 $HBor1951 $81 852 $aPUL$W1$xDP1 Fondo S. Lanza$y121$m3 D 12$j166246$qFondi$B166829$CPULBib$Z2$F166829 $HLan2389 $82 941 1 $a1 996 $6020$z8801000154*$9(OLS)http://pul/number/157962 996 $6245$aElezione e passione :$bsaggio di teologia in ascolto dell'ebraismo$9(OLS)http://pul/title/182438 996 $6260$aLeumann (Torino) :$bElle Di Ci$9(OLS)http://pul/publisher/53685 LEADER 01167nam a2200265 u 4500 001 000000107418 003 CaOOAMICUS 005 20071008113409.0 008 071008s2005 it u100 u ita u 020 $a88-14-11930-9 040 $aPUL$bita$dLDB 041 0 $aita$aeng 245 02$aA european civil code ? Perspective & problems :$batti del convegno Genova, 28 maggio 2004 /$ca cura di Vincenzo Roppo. 260 $aMilano :$bGiuffrè,$c2005. 300 $a284 p. ;$c24 cm 504 $aInclude riferimenti bibliografici. 546 $aTesti in italiano ed inglese. 630 04$aCodice civile$zEuropa.$0(OLS)http://pul/subject/33558 700 1 $aRoppo, Vincenzo,$d1947-$0(OLS)http://pul/name/65919 850 $aPUL 852 $aPUL$W1$xSL Diritto e Scienze Sociali 3$y79$m346. 4 ROPVI 1$j122079$qDDC 21$B121067$CPULBib$Z2$F121067 $H101295 $82 941 1 $a9 996 $6020$a88-14-11930-9$9(OLS)http://pul/number/135803 996 $6245$aA european civil code ? Perspective & problems :$batti del convegno Genova, 28 maggio 2004$9(OLS)http://pul/title/135264 996 $6260$aMilano :$bGiuffrè$9(OLS)http://pul/publisher/48401 LEADER 01300nam a2200301 a 4500 001 000000133164 003 CaOOAMICUS 005 20130313153228.0 008 130313s2002 it u000 u ita r 020 $a88-7396-008-1 040 $aPUL$bita 082 04$a128 100 1 $aDe Macedo, Francisco.$0(OLS)http://pul/name/69357 245 13$aLa felicità :$btra virtù e saggezza /$cFrancisco De Macedo. 260 $aRoma :$bEdizioni "Pro Sanctitate"$g2002 300 $a418 p. ;$c21 cm 490 1 $aStudi.$aFilosofia e mistica 650 4$aEmozioni$xPsicologia.$0(OLS)http://pul/subject/22116 830 0$aStudi.$pFilosofia e mistica.$0(OLS)http://pul/title/132287 850 $aPUL 852 $aPUL$W1$xSL Filosofia 3$y81$m128 DEMFR 1$j153102$qDDC 21$B152598$CPULBib$Z2$F152598 $H121855 $82 852 $aPUL$W1$xDP2 Filosofia 3$y112$m170 DEMFR 1 $j196931$qDDC 21$B201691$CPULBib$Z2$F201691 $H133831 $82 941 1 $a9 996 $6020$a88-7396-008-1$9(OLS)http://pul/number/152137 996 $6082$a128$9(OLS)http://pul/classification/461 996 $6245$aLa felicità :$btra virtù e saggezza$9(OLS)http://pul/title/168264 996 $6260$aRoma :$bEdizioni "Pro Sanctitate"$9(OLS)http://pul/publisher/49110